Теплофизические свойства рабочих тел, теплоносителей и конструкционных материалов современной энергетики: межвузовский тематический сборник

Podrobná bibliografie
Korporativní autor: Московский энергетический институт (МЭИ)
Další autoři: Тимрот Д. Л.
Jazyk:ruština
Vydáno: Москва, Изд-во МЭИ, 1985 (1986)
Edice:Научные труды [МЭИ] № 72
Témata:
Médium: Kniha
KOHA link:https://koha.lib.tpu.ru/cgi-bin/koha/opac-detail.pl?biblionumber=269126

MARC

LEADER 00000nam0a2200000 4500
001 269126
005 20250211063207.0
035 |a (RuTPU)RU\TPU\book\292299 
090 |a 269126 
100 |a 20140915d1986 k y0rusy5003 ca 
101 0 |a rus 
102 |a RU 
105 |a a z 001zy 
200 1 |a Теплофизические свойства рабочих тел, теплоносителей и конструкционных материалов современной энергетики  |e межвузовский тематический сборник  |f Московский энергетический институт (МЭИ) ; гл. ред. Д. Л. Тимрот 
210 |a Москва  |c Изд-во МЭИ  |d 1985 (1986) 
215 |a 206 с.  |c ил.  |d 20 см 
225 1 |a Научные труды [МЭИ]  |v № 72 
320 |a Библиогр. в конце ст. 
500 1 0 |a Труды Московского энергетического института  |9 88841 
606 1 |a Энергетические установки  |2 stltpush  |3 (RuTPU)RU\TPU\subj\21288 
606 1 |a Теплоносители  |x Теплофизические свойства  |2 stltpush  |3 (RuTPU)RU\TPU\subj\33548  |9 55754 
610 1 |a рабочие тела 
610 1 |a конструкционные материалы 
610 1 |a энергетика 
610 1 |a теплофизические свойства 
610 1 |a прогнозирование 
610 1 |a теплопроводность 
610 1 |a бинарные смеси 
675 |a 620.9.002.5  |v 3 
675 |a 662.98  |v 3 
702 1 |a Тимрот  |b Д. Л.  |4 651 
712 0 2 |a Московский энергетический институт (МЭИ)  |c (1930-1992)  |3 (RuTPU)RU\TPU\col\20092 
801 0 |a RU  |b RuMRKP  |c 19950704  |g psbo 
801 1 |a RU  |b 63413507  |c 20140915 
801 2 |a RU  |b 63413507  |c 20161019  |g RCR 
942 |c BK